Statistics for U.S. States Word Search #8

Click here to take the quiz!

General Stats

  • This quiz has been taken 487 times
  • The average score is 9 of 10

Answer Stats

State % Correct
Montana
99%
Georgia
98%
Ohio
98%
Alabama
92%
Indiana
90%
Maine
89%
Texas
85%
Iowa
79%
Utah
77%
Idaho
76%

Score Distribution

Percentile by Number Answered

Percent of People with Each Score

Your Score History

You have not taken this quiz